• 首页
  • 本馆介绍
  • 公告通知
  • 最新文献
  • 馆藏检索
  • 电子资源
  • 读者导购
  • 参考咨询
  • 我的图书馆
  • 登录
  • 详细信息显示
  • 放入我的书架
  • 预约/预借图书
  • 作者相关作品
  • 分类相关作品
  • 丛书相关作品
  • 出版社相关作品

书目信息

  • 表格格式
  • 工作单格式
  • 卡片格式
题名:
尔雅论略
    
 
作者: 骆鸿凯 著
分册:  
出版信息: 长沙   岳麓书社  1985.10
页数: 176页
开本: 21cm
丛书名:
单 册:
中图分类: H131.2
科图分类:
主题词: 汉语--语义 , 汉语--语义学 , 汉语--词汇 , 训诂
电子资源:
ISBN:
000 00613nam0 2200241 45
001 0404201070
005 20040420105500.6
010    @dCNY1.35
091    @a9258.4
100    @a20040420d1985 km y0chiy0120 ea
101 0  @achi
105    @a z 000yy
200 1  @a尔雅论略@AEr Ya Lun Lue@f骆鸿凯著@FLuo Hong Kai Zhu
210    @a长沙@c岳麓书社@d1985.10
215    @a176页@d21cm
606 0  @a汉语@x语义
606 0  @a汉语@x语义学
606 0  @a汉语@x词汇
606 0  @a训诂
690    @aH131.2@v3
701  0 @a骆鸿凯@4著
801    @aCN@bPftUser@c20040420
905    @f2@b257393-394@dH131.2@e189@b257396@f1
    
    尔雅论略/骆鸿凯著.-长沙:岳麓书社,1985.10
    176页;21cm
    
    
    ISBN :CNY1.35
    
●
相关链接 在E读中查询图书 在五车中查询图书 在当当中查询图书 在豆瓣中查询图书


正题名:尔雅论略     索取号:H131.2/189         预约/预借

序号 登录号 条形码 馆藏地/架位号 状态 备注
1 0257392   000838794   第二样本阅览室/ [索取号:H131.2/189] 在馆    
2 0257393   000838838   第四借阅区/ [索取号:H131.2/189] 在馆    
3 0257394   000838696   第四借阅区/ [索取号:H131.2/189] 在馆    
4 0257395   000838730   第四借阅区/ [索取号:H131.2/189] 在馆    
5 0257396   000838641   第四借阅区/ [索取号:H131.2/189] 在馆    
唐山师范学院图书馆 欢迎您!
大连网信软件有限公司© 版权所有